Online Catalogue and eLibrary

Sri Lankawe Hinduwathaya Thula Pithru mulika loka dakma (Record no. 5831)

MARC details
000 -LEADER
fixed length control field 00442nam a2200157Ia 4500
005 - DATE AND TIME OF LATEST TRANSACTION
control field 20250514022050.0
008 - FIXED-LENGTH DATA ELEMENTS--GENERAL INFORMATION
fixed length control field 240331s9999 xx 000 0 und d
020 ## - INTERNATIONAL STANDARD BOOK NUMBER
ISBN 9789559261582
082 ## - DDC Classification
Item Number - Author Mark THI
Class No. 200
100 ## - MAIN ENTRY--PERSONAL NAME
Personal name Thiruchandran,S
245 #0 - TITLE STATEMENT
Title Sri Lankawe Hinduwathaya Thula Pithru mulika loka dakma
260 ## - PUBLICATION, DISTRIBUTION, ETC.
Place of publication, distribution, etc. Colombo
Name of publisher, distributor, etc. Women's Education & Research Centre
Date of publication, distribution, etc. 2013
300 ## - PHYSICAL DESCRIPTION
Extent (e.g. Volumes, Pages etc.) xi, 54 p .,
500 ## - GENERAL NOTE
General note A book on Hinduism
942 ## - Koha item type (Biblio)
Koha item type Books in Stacks (Lending)
Holdings
Lost status Damaged status Collection code Home library Current library Shelving location Date acquired Full call number Accession Number Item type
    Lending WERC Library WERC Library Social Science Cupboard 03/31/2024 200 THI 6814 Books in Stacks (Lending)

© WERC Library